| 000 | 01499nam a2200409 i 4500 | ||
|---|---|---|---|
| 001 | 110560 | ||
| 003 | FINmELB | ||
| 005 | 20241217174152.0 | ||
| 006 | m o u | ||
| 007 | cr cn||||||||| | ||
| 008 | 211228s2012 sp o 000 0 spa d | ||
| 020 | _z9788490211359 | ||
| 020 | _a9781512970197 (e-book) | ||
| 035 | _a(OCoLC)1237566937 | ||
| 040 |
_aFINmELB _bspa _erda _cFINmELB |
||
| 050 | 1 | 4 |
_aTK146 _bE384 2012 |
| 080 | _a621.3 | ||
| 082 | 0 | 4 |
_a621.3 _223 |
| 245 | 0 | 0 |
_aElectricidad industrial / _ccoordinadora de la obra: María Dolores Pérez Rodríguez. |
| 250 | _a2a. edición. | ||
| 264 | 1 |
_aMálaga : _bEditorial ICB, _c2012. |
|
| 300 | _a1 recurso en línea (315 páginas) | ||
| 336 |
_atexto _btxt _2rdamedia/spa |
||
| 337 |
_acomputadora _bc _2rdamedia/spa |
||
| 338 |
_arecurso en línea _2rdacarrier/spa |
||
| 588 | _aDescripción basada en metadatos suministrados por el editor y otras fuentes. | ||
| 590 | _aRecurso electrónico. Santa Fe, Arg.: elibro, 2021. Disponible vía World Wide Web. El acceso puede estar limitado para las bibliotecas afiliadas a elibro. | ||
| 650 | 0 | _aElectrical engineering. | |
| 650 | 4 | _aElectrotecnia. | |
| 655 | 4 | _aLibros electrónicos. | |
| 700 | 1 |
_aPérez Rodríguez, María Dolores, _ecoordinador. |
|
| 797 | 2 | _aelibro, Corp. | |
| 856 | 4 | 0 | _uhttps://elibro.net/ereader/politecnicointernacional/113120 |
| 999 |
_c110560 _d110560 |
||